000 00340nam a2200157Ia 4500
003 0STCL
008 150530s9999 xx 000 0 und d
040 _aSTCL
_cSTCL
100 _aCherappan,T.T. Ed.
245 _aArangu souvenir
260 _c1981
546 _aEnglish
942 _2ddc
_cBK
999 _c15140
_d15140
005 20220125165725.0